EastEnders Quiz - 100 Questions! - Statistics

General Stats
  • This quiz has been taken 4,581 times
  • The average score is 49 of 100
Answer Stats
Hint Answer % Correct
Which channel in the UK is EastEnders shown on? BBC One
98%
What is the name of the pub in Albert Square? Queen Victoria
95%
Which year was EastEnders first brodcasted? 1985
90%
Sonia learned to play which instrument as a child? Trumpet
84%
Which characther has had the most "Doof Doofs" Phil Mitchell
81%
For whose murder did Stacey give Zoe Slater an alibi? Den Watts
79%
Who holds the record for most failed marriages? Ian Beale
79%
On which day did Dirty Den present divorce papers to Angie? Christmas Day
73%
Who caught Max kissing Stacey on the DVD which was filmed on her wedding day? Lauren Branning
70%
At which landmark did Jim propose to Dot? London Eye
70%
Who killed Heather Trott? Ben Mitchell
69%
Who killed Lucy Beale? Bobby Beale
69%
What was the name of Bianca's mother's fiancée - who she had an affair with? Dan Sullivan
69%
Which other Slater did Alfie once date at the same time as Kat? Little Mo
69%
How is Shirley Carter related to Mick Carter? Mother
69%
What is the name of the actor who plays Mick Carter? Danny Dyer
68%
What medical condition does Stacey have? Bipolar Disorder
67%
Who were the first landlords of the pub? Angie & Den
66%
Who killed Dennis Rickman? Danny Moon
66%
What is the name of Stacey's daughter? Lilly
66%
Who killed Barry Evans? Janine Butcher
65%
At what age did Ronnie Mitchell give up her daughter Danielle? 14
64%
Who raped Linda Carter in the Queen Vic? Dean "Deano" Wicks
64%
What was the name of the baby Dot found abandoned at a church? Tomas
64%
Who is the father of Sam Mitchell's son Richard? Jack Branning
63%
What's the name of the barmaid who rarely speaks? Tracey
63%
Who did Stacey claim had raped her? Archie Mitchell
62%
Which character carried the Olympic Flame around Walford in the build up to 2012? Billy Mitchell
62%
What is the name of Kat's baby that Alfie has accepted as his own? Tommy
62%
Which resident of the square did Masood develop feelings for whilst married to Zainab? Jane Beale
61%
Who was guilty of shooting Phil in 2001? Lisa Fowler
61%
Which country did Kathy jet off to with Ben after Phil developed his drug addiction? South Africa
61%
What catchphrase is Peggy Mitchell famous for saying? Get Outta My Pub!
60%
What is the name of the Carter's pet bulldog? Lady Di
60%
Which day did Ian and Mel get married? New Years Eve
60%
How are Jake & Danny Moon both related to Alfie? Second Cousins
60%
What was the name of Billy Mitchell's second wife? Honey Edwards
58%
Who did Denise Fox think was her father until a paternity test proved otherwise? Patrick Trueman
58%
What anniversary did EastEnders celebrate in 2015? 30th Anniversary
57%
Who ran over and killed Tiffany Mitchell in 1999? Frank Butcher
56%
Where did Ronnie & Roxy both live prior to moving into the Vic? Ibiza
56%
What was the name of Johnny Allen's daughter? Ruby Allen
56%
Who accidentaly shot Ian's wife Jane causing her to need hysterectomy? Steven Beale
55%
Which fiancée of Phil's threw themselves off a building on their wedding day? Stella Crawford
54%
What is Fatboy's actual name? Arthur Chubb
52%
What are the names of Kat & Alfie's twin boys? Bert & Ernie
52%
Little Mo hit Trevor with what object? Iron
52%
Who did Dot discover had killed her best friend Pauline? Joe Macer
51%
What's the name of the local newspaper? Walford Gazette
51%
On which public holiday was Lucy Beale killed? Good Friday
50%
Which object was Archie Mitchell holding when he was killed? Snow Globe
50%
How did Steve Owen die? Car Explosion
48%
What is the occuptation of Les Coker? Funeral Director
48%
Which Carter was seen attempting to get married in her first episode? Nancy Carter
48%
What is the name of Janine and Michael's daughter? Scarlett
48%
Who helped Tanya drug and bury Max in a coffin? Sean Slater
48%
What was the occupation of Lee Carter before he moved to the Square? Soldier
48%
What were Bradley Branning's final words? Stace, run!
47%
What was the name of the guy who sexually abused Whitney Dean? Tony King
47%
In what year did Bianca marry Ricky? 1997
46%
What nickname did Den always call Sharon? Princess
46%
Who killed Reg Cox? Nick Cotton
45%
What was the name of Phil Mitchell's father? Eric Mitchell
43%
Who killed Dirty Den? Chrissie Watts
42%
Which business did Max buy for Tanya to get their relationship back on track? The Salon
42%
What was the name of Derek Branning's daughter? Alice Branning
41%
Who was the father of Heather Trott's baby? Darren Miller
40%
What was the name of Derek Branning's son? Joey Branning
40%
Who was Danny Moon about to shoot until Jake shot him? Grant Mitchell
39%
What was the name of Den & Michelle's daughter? Vicki Fowler
39%
The storyline between Sharon, Phil & Grant was known by which name? Sharongate
38%
What is the name of Tina Carter's daughter? Zsa Zsa Carter
38%
Who did Derek warn off from having a relationship with Carol? David Wicks
37%
What's the occupation of Donna Yates? Market Stall Holder
35%
What is Dot most famous for saying? Oh I Say
35%
What was the name of Jay Mitchell's dad? Jase Dyer
34%
What was the name of the punk single mother in the show's original cast? Mary Smith
34%
Who was the last man Pat Butcher married? Roy Evans
33%
How did Dot's husband Charlie die? Lorry Accident
32%
Who killed Andy Hunter? Johnny Allen
30%
Who was Denise's boss at the Post Office? Zainab Masood
28%
What was the name of the Detective who dated Max Branning? Emma Summerhayes
27%
What's the name of the road which runs between Bridge Street & George Street? Turpin Road
27%
Who raped Kathy Beale? James-Willmott Brown
25%
In 2010 who lent Alfie the money to lease the Vic of Phil? Michael Moon
25%
In what country did Ian, Phil & Grant find Cindy? Italy
24%
When Bianca left Ricky to go to Manchester, what was she going to study? Fashion
23%
In what type of car did Alfie and Kat leave Walford when they left in 2005? Ford Capri
22%
Who is the father of Bianca's child Morgan? Ray Dixon
22%
Which character discovered Lucy Beale's purse after her murder? Denise Fox
21%
What does the plaque on Arthur's bench read? He Loved This Place
18%
Where was the dead body found where Lucas Johnson claimed it was Denise's? The Canal
18%
What's the name of Masood's granddaughter? Yasmin
15%
Which two people created EastEnders? Julia Smith & Tony Holland
14%
What adopted name did Stacey Branning use for her new identity? Jenny
13%
Who owns Bridge Street's Launderette? Mr Papadopolous
12%
The week long storyline in which Grant & Phil were searching for Johnny was called? Get Johnny Week
10%
Who did Stacey Slater blackmail after sleeping with him? Spencer Moon
10%
What was the name of the market stall manager that Bianca once had a fling with? Tricky Dicky
7%
What was the name of the duty manager Alfie posed as to originally work at the Vic? Chris Wright
6%
No matching quizzes found
Score Distribution
Percent of People with Each Score
Percentile by Number Answered
Your Score History
You have not taken this quiz